[Event "Oberfranken-ch"]
[Site "Schney"]
[Date "2011.01.06"]
[Round "7.5"]
[White "Betz, Daniel"]
[Black "Gebhardt, Michael"]
[Result "0-1"]
[WhiteElo "916"]
[BlackElo "963"]
[PlyCount "64"]
[EventDate "2011.01.03"]
[EventType "swiss"]
[EventRounds "7"]
[EventCountry "GER"]
[SourceTitle "EXT 2022"]
[Source "ChessBase"]
[SourceDate "2021.10.06"]
[SourceVersion "1"]
[SourceVersionDate "2021.10.06"]
[SourceQuality "1"]

1. e4 e6 2. Nf3 d5 3. Nc3 Nc6 4. Bb5 Nge7 5. 0-0 a6 6. Bxc6+ Nxc6 7. d3 d4 8. Ne2 e5 9. c3 Bc5 10. cxd4 Nxd4 11. Nxe5 Nxe2+ 12. Qxe2 0-0 13. Qf3 Bd6 14. Qg3 Bxe5 15. Qxe5 Qxd3 16. Qxc7 Qxe4 17. Qg3 Qd4 18. Rb1 Be6 19. Bf4 f6 20. Rfd1 Qe4 21. f3 Qf5 22. Rdc1 Bxa2 23. h3 Bxb1 24. Rc7 Rf7 25. Rxf7 Kxf7 26. Qh4 g5 27. Qh5+ Qg6 28. Qxg6+ Kxg6 29. Be3 Re8 30. Bd2 Bd3 31. Kh2 h5 32. g4 Re2+ 0-1

[Event "Oberfranken-ch"]
[Site "Schney"]
[Date "2011.01.04"]
[Round "3"]
[White "Cugno, Lorenzo"]
[Black "Betz, Daniel"]
[Result "0-1"]
[WhiteElo "858"]
[BlackElo "916"]
[PlyCount "74"]
[EventDate "2011.01.03"]
[EventType "swiss"]
[EventRounds "7"]
[EventCountry "GER"]
[SourceTitle "EXT 2022"]
[Source "ChessBase"]
[SourceDate "2021.10.06"]
[SourceVersion "1"]
[SourceVersionDate "2021.10.06"]
[SourceQuality "1"]

1. e4 e5 2. Nf3 Nc6 3. d4 Bd6 4. d5 Nce7 5. Nc3 Nf6 6. Bd3 0-0 7. 0-0 Ng6 8. Bg5 h6 9. Be3 Bb4 10. Nb5 a6 11. c3 axb5 12. cxb4 c6 13. Qb3 d6 14. a4 bxa4 15. Rxa4 Rxa4 16. Qxa4 b5 17. Qa8 cxd5 18. exd5 Nf4 19. Bxb5 Ng4 20. h3 Nxe3 21. fxe3 Ng6 22. Nd2 Qg5 23. Rf3 Nh4 24. Rf2 Qxe3 25. Nf1 Qg5 26. Qc6 Bxh3 27. Qc2 Rb8 28. Bd3 f5 29. Kh2 e4 30. Bc4 Bg4 31. Qc3 f4 32. g3 Nf3+ 33. Kg2 Qh5 34. Rxf3 exf3+ 35. Kf2 Re8 36. b5 Qh3 37. gxf4 Qg2# 0-1